Sovereigns without crowns: a behavioural analysis of the Indian electoral process (Record no. 353868)

000 -LEADER
fixed length control field 00450cam a22001337a 4500
008 - FIXED-LENGTH DATA ELEMENTS--GENERAL INFORMATION
fixed length control field 180718b1973 xxu||||| |||| 00| 0 eng d
082 ## - DEWEY DECIMAL CLASSIFICATION NUMBER
Classification number F83x54 Si78
100 ## - MAIN ENTRY--PERSONAL NAME
Personal name Sirsikar, V.M.
245 ## - TITLE STATEMENT
Title Sovereigns without crowns: a behavioural analysis of the Indian electoral process
Statement of responsibility, etc. by V.M. Sirsikar
260 ## - PUBLICATION, DISTRIBUTION, ETC.
Place of publication, distribution, etc. Bombay
Name of publisher, distributor, etc. Populat Prakashan
Date of publication, distribution, etc. 1973
300 ## - PHYSICAL DESCRIPTION
Extent 414p.
650 ## - SUBJECT ADDED ENTRY--TOPICAL TERM
Topical term or geographic name entry element Pune (India) --Politics and government
650 ## - SUBJECT ADDED ENTRY--TOPICAL TERM
Topical term or geographic name entry element Elections --India --Pune
Holdings
Withdrawn status Lost status Damaged status Not for loan Permanent Location Current Location Date acquired Full call number Barcode Date last seen Price effective from Koha item type
        Indian Institute of Public Administration Indian Institute of Public Administration 1993-12-06 F83x54 Si78 47835 2018-07-21 2018-07-21 Book

Powered by Koha